[Event "Ambalangoda Dhamso op 5th"]
[Site "Ambalangoda"]
[Date "2015.05.29"]
[Round "2"]
[White "Herath, Thejani Bandara"]
[Black "Yashora, Tiumi"]
[Result "0-1"]
[WhiteElo "1079"]
[BlackElo "1798"]
[PlyCount "80"]
[EventDate "2015.05.29"]
[EventType "swiss"]
[EventRounds "9"]
[EventCountry "SRI"]
[SourceTitle "EXT 2016"]
[Source "ChessBase"]
[SourceDate "2015.10.08"]
[SourceVersion "1"]
[SourceVersionDate "2015.10.08"]
[SourceQuality "1"]

1. e4 e5 2. Nf3 Nf6 3. d3 Nc6 4. Be2 d5 5. Nbd2 dxe4 6. dxe4 Bc5 7. 0-0 0-0 8. b3 Qe7 9. Bb2 Rd8 10. Bc4 Nxe4 11. Qe2 Nxd2 12. Nxd2 Nd4 13. Bxd4 Bxd4 14. Rad1 c6 15. Nf3 Bg4 16. h3 Bxf3 17. Qxf3 Rd6 18. Rfe1 Rf6 19. Qe4 Bxf2+ 20. Kh1 Bxe1 21. Rxe1 Re8 22. Bd3 g6 23. h4 Rf4 24. Qe3 Qxh4+ 25. Kg1 Re6 26. g3 Rg4 27. Kg2 Qg5 28. Qf3 Rf6 29. Rxe5 Rxf3 30. Rxg5 Rfxg3+ 31. Kf2 Rxg5 32. c3 Rxd3 33. c4 h5 34. Ke2 Rgg3 35. b4 h4 36. a4 h3 37. b5 h2 38. bxc6 h1Q 39. c7 Qh2+ 40. Ke1 Rg1# 0-1